000 00410nam a2200157Ia 4500
003 GCL
008 140319s9999 xx 000 0 eng d
040 _aGCL /
_cGCL
082 0 4 _a703
_bC O
100 1 _aCHILVERS, IAN
245 1 0 _aTHE OXFORD DICTIONARY OF ART /
_cCHILVERS, IAN
260 _a[S.N] :
_bOXFORD UNIVERSITY PRESS ،
_c1994
300 _a548 P
650 0 4 _aART, DICTIONARIES
942 _2ddc
_cBK
999 _c20680
_d20680